|
|
|
|
| LEADER |
00000nam a2200000 4500 |
| 008 |
200109b2019 CR ||||| |||| 00| | spa d |
| 999 |
|
|
|c 3865
|d 3865
|
| 020 |
|
|
|a 9789968527521
|
| 090 |
|
|
|a 06.02.01
|b 2570
|
| 100 |
|
|
|9 763
|a Muñoz Varela, Luis
|
| 245 |
1 |
3 |
|a El derecho a la educación como derecho humano en el sistema educativo costarricense: Estado de la cuestión /
|c Luis Muñoz Varela
|
| 260 |
|
|
|a [San José, Costa Rica] :
|b INIE,
|c 2019
|
| 300 |
|
|
|a 91 páginas
|
| 490 |
|
|
|a Colección Yigüirro
|
| 500 |
|
|
|a Resultados del Proyecto de investigación 724-B7-201
|
| 650 |
1 |
4 |
|9 1
|a EDUCACIÓN
|
| 650 |
1 |
4 |
|9 599
|a DERECHO A LA EDUCACIÓN
|
| 650 |
1 |
4 |
|9 451
|a POLÍTICA EDUCATIVA
|
| 650 |
1 |
4 |
|9 1431
|a DEMOCRATIZACIÓN DE LA EDUCACIÓN
|
| 650 |
1 |
4 |
|9 320
|a ACCESO A LA EDUCACIÓN
|
| 942 |
|
|
|i 004622,004623
|h 06.02.01 2570
|2 z
|c 01
|